000 00576nam a2200193Ia 4500
005 20260114185822.0
008 008 260114s9999 xx 000 0 eng d
020 _a9781474275941
037 _aEBOOK
040 _aCRL
_beng
_cCRL
041 _aeng
_2eng
084 _qCRL
100 _aAlison Matthews David
_9874778
245 0 _aFashion Victims The Dangers of Dress Past and Present
260 _bBloomsbury
_c2015
856 _uhttps://doi.org/10.5040/9781474275941?locatt=label:secondary_bloomsburyCollections
942 _cEBOOK
999 _c1473712
_d1473712